The oxford handbook of tax system in India : (Record no. 88982)

MARC details
000 -LEADER
fixed length control field 00735nam a22002177a 4500
005 - DATE AND TIME OF LATEST TRANSACTION
control field 20140926150245.0
010 ## - LCCN (DPL NO)
LC control number ENG-110954
020 ## - INTERNATIONAL STANDARD BOOK NUMBER
International Standard Book Number 9780198092278
Terms of availability 1295.00
020 ## - INTERNATIONAL STANDARD BOOK NUMBER
International Standard Book Number 019809227x
Terms of availability 1295.00
035 ## - SYSTEM CONTROL NUMBER
System control number EN-94486
037 ## - SOURCE OF ACQUISITION
Source of stock number/acquisition DBAD/PUB
082 ## - DEWEY DECIMAL CLASSIFICATION NUMBER
Classification number 336.200954
100 ## - MAIN ENTRY--PERSONAL NAME
Personal name Purohit, Mahesh C.
245 ## - TITLE STATEMENT
Title The oxford handbook of tax system in India :
Statement of responsibility, etc by Mahesh C. Purohit [and] Vishnu Kanta Purohit
260 ## - PUBLICATION, DISTRIBUTION, ETC. (IMPRINT)
Place of publication, distribution, etc New Delhi
Name of publisher, distributor, etc Oxford University Press
Date of publication, distribution, etc 2014
270 ## - ADDRESS
Address YMCA Library Building, 1 Jai Singh
City New Delhi
Postal code 110020
300 ## - PHYSICAL DESCRIPTION
Extent xvii,404p.
Dimensions 24cm(Hb)
500 ## - GENERAL NOTE
General note Includes bibliographical references and index
700 ## - ADDED ENTRY--PERSONAL NAME
Personal name Purohit, Vishnu Kanta
942 ## - ADDED ENTRY ELEMENTS (KOHA)
Source of classification or shelving scheme Dewey Decimal Classification
Item type English Books
Call number suffix PUR
Classification part 336.200954
Holdings
Withdrawn status Lost status Not for loan Collection code Home library Current library Date acquired Source of acquisition Cost, normal purchase price Full call number Barcode Copy number Cost, replacement price Koha item type
    Not For Loan Non-fiction D.B.Act.Division D.B.Act.Division 26/09/2014 DBAD/PUB 1295.00 336.200954 PUR EN-94486 1 1295.00 English Books

© Delhi Public Library
Hit Counter
free hit counter